| 000 | 00511nam a2200217Ia 4500 | ||
|---|---|---|---|
| 003 | OSt | ||
| 005 | 20220624150917.0 | ||
| 008 | 210210b1990 xxu||||| |||| 00| 0 eng d | ||
| 040 | _cAL | ||
| 041 | _aeng | ||
| 082 | _a576 ANAT | ||
| 100 |
_aANANTHANARAYAN (R) _945050 |
||
| 245 | _aTextbook of microbiology | ||
| 250 | _a4 | ||
| 260 |
_aMadras _bOrient Longman _c1990 |
||
| 300 | _a650 | ||
| 690 |
_aMicrobiology _945051 |
||
| 700 |
_aPANIKER (C K Jayaram). _945052 |
||
| 906 | _a047413 | ||
| 942 |
_2ddc _cBK |
||
| 999 |
_c96618 _d96618 |
||